Ngôn ngữ lập trình Foxpro

שמור ב:
מידע ביבליוגרפי
מחבר ראשי: Nguyễn Phú Tiến
פורמט: ספר
שפה:Undetermined
יצא לאור: Hà Nội Giáo Dục 1997
נושאים:
תגים: הוספת תג
אין תגיות, היה/י הראשונ/ה לתייג את הרשומה!
Thư viện lưu trữ: Trung tâm Học liệu Trường Đại học Cần Thơ
LEADER 00581nam a2200193Ia 4500
001 CTU_27533
008 210402s9999 xx 000 0 und d
020 |b 25.500đ 
082 |a 005.3 
082 |b T305 
100 |a Nguyễn Phú Tiến 
245 0 |a Ngôn ngữ lập trình Foxpro 
245 0 |c Nguyễn Phú Tiến 
260 |a Hà Nội 
260 |b Giáo Dục 
260 |c 1997 
650 |a foxpro( computer program language ),management - computer programs 
904 |i Minh, 981225 
980 |a Trung tâm Học liệu Trường Đại học Cần Thơ